000 00295nam a2200133Ia 4500
008 190216s9999||||xx |||||||||||||| ||und||
100 _aJanardhanapillai
245 0 _aAlgebra-Ii.
250 _aI
260 _bAjith Book Center
_c2000
300 _a500
650 _aMathe Matics
942 _cBK
999 _c32514
_d32514